[Event "European Individual Chess Championship 2017"]
[Site "?"]
[Date "2017.06.07"]
[Round "8.77"]
[White "Postny, Evgeny"]
[Black "Sarana, Alexey"]
[Result "0-1"]
[BlackElo "2472"]
[WhiteElo "2588"]
[LiveChessVersion "1.4.8"]

1. d4 {[%clk 1:30:56]} Nf6 {[%clk 1:30:47]} 2. Bg5 {[%clk 1:31:18]} d5
{[%clk 1:28:51]} 3. e3 {[%clk 1:31:39]} Ne4 {[%clk 1:24:28]} 4. Bf4
{[%clk 1:31:52]} c5 {[%clk 1:23:22]} 5. c3 {[%clk 1:31:40]} Nc6 {[%clk 1:21:04]}
6. Nf3 {[%clk 1:31:11]} e6 {[%clk 1:10:24]} 7. Nbd2 {[%clk 1:29:17]} Nxd2
{[%clk 1:07:21]} 8. Qxd2 {[%clk 1:29:34]} Bd6 {[%clk 1:07:39]} 9. Bd3
{[%clk 1:26:14]} O-O {[%clk 1:04:11]} 10. O-O {[%clk 1:24:27]} Bxf4
{[%clk 1:02:28]} 11. exf4 {[%clk 1:24:50]} cxd4 {[%clk 1:02:51]} 12. cxd4
{[%clk 1:24:20]} Bd7 {[%clk 1:02:08]} 13. Rac1 {[%clk 1:21:48]} Rc8
{[%clk 1:01:21]} 14. Rc3 {[%clk 1:20:14]} Qe7 {[%clk 0:54:16]} 15. Re1
{[%clk 1:03:59]} Qd6 {[%clk 0:39:23]} 16. Ne5 {[%clk 0:39:23]} Ne7
{[%clk 0:35:49]} 17. Rec1 {[%clk 0:39:18]} f6 {[%clk 0:30:57]} 18. Nf3
{[%clk 0:28:05]} Rxc3 {[%clk 0:30:17]} 19. Rxc3 {[%clk 0:28:30]} Rc8
{[%clk 0:30:19]} 20. g3 {[%clk 0:28:43]} Rxc3 {[%clk 0:29:53]} 21. Qxc3
{[%clk 0:29:05]} h6 {[%clk 0:28:58]} 22. a3 {[%clk 0:25:25]} Kf7 {[%clk 0:26:38]}
23. Qa5 {[%clk 0:23:54]} Nc6 {[%clk 0:26:26]} 24. Qd2 {[%clk 0:24:01]} Ne7
{[%clk 0:24:59]} 25. Qa5 {[%clk 0:24:00]} Nc6 {[%clk 0:25:18]} 26. Qd2
{[%clk 0:24:23]} Ne7 {[%clk 0:25:16]} 27. h4 {[%clk 0:22:11]} Kf8
{[%clk 0:24:37]} 28. Kg2 {[%clk 0:15:43]} Be8 {[%clk 0:24:17]} 29. Ne1
{[%clk 0:15:02]} Qb6 {[%clk 0:24:04]} 30. Qc3 {[%clk 0:14:35]} Bh5
{[%clk 0:21:36]} 31. Nc2 {[%clk 0:13:17]} Bg6 {[%clk 0:17:21]} 32. Bxg6
{[%clk 0:12:25]} Nxg6 {[%clk 0:17:49]} 33. b4 {[%clk 0:02:26]} Ne7
{[%clk 0:18:00]} 34. a4 {[%clk 0:02:29]} Qa6 {[%clk 0:15:14]} 35. Qb3
{[%clk 0:01:36]} Qc4 {[%clk 0:14:18]} 36. Qxc4 {[%clk 0:01:48]} dxc4
{[%clk 0:14:46]} 37. Na3 {[%clk 0:01:31]} Nd5 {[%clk 0:11:50]} 38. Nxc4
{[%clk 0:00:46]} Nxb4 {[%clk 0:12:16]} 39. Nd6 {[%clk 0:01:05]} b6
{[%clk 0:10:52]} 40. Kf3 {[%clk 0:31:24]} Nc6 {[%clk 0:40:47]} 41. Ke4
{[%clk 0:27:36]} Ke7 {[%clk 0:40:23]} 42. Nb5 {[%clk 0:23:54]} f5+
{[%clk 0:39:46]} 43. Kd3 {[%clk 0:23:27]} Kd7 {[%clk 0:38:29]} 44. Kc4
{[%clk 0:15:30]} a6 {[%clk 0:37:50]} 45. Nc3 {[%clk 0:15:52]} Kd6
{[%clk 0:38:08]} 46. Kd3 {[%clk 0:12:17]} Nb4+ {[%clk 0:38:03]} 47. Kc4
{[%clk 0:08:47]} Nd5 {[%clk 0:38:21]} 48. Na2 {[%clk 0:07:16]} Kc6
{[%clk 0:36:39]} 49. Kd3 {[%clk 0:07:38]} b5 {[%clk 0:36:06]} 50. a5
{[%clk 0:04:42]} Kd6 {[%clk 0:27:47]} 51. h5 {[%clk 0:03:54]} Kc6
{[%clk 0:26:10]} 52. Nc1 {[%clk 0:04:09]} Nf6 {[%clk 0:26:23]} 53. Nb3
{[%clk 0:03:58]} Ne4 {[%clk 0:26:44]} 54. Ke3 {[%clk 0:02:28]} b4
{[%clk 0:25:57]} 55. g4 {[%clk 0:01:53]} Kb5 {[%clk 0:25:54]} 56. gxf5
{[%clk 0:01:15]} exf5 {[%clk 0:26:23]} 57. d5 {[%clk 0:00:38]} Kc4
{[%clk 0:26:50]} 58. f3 {[%clk 0:00:50]} Nf6 {[%clk 0:26:54]} 0-1

[Event "European Individual Chess Championship 2017"]
[Site "?"]
[Date "2017.06.07"]
[Round "8.78"]
[White "Polivanov, Anatoliy"]
[Black "Palac, Mladen"]
[Result "1/2-1/2"]
[BlackElo "2573"]
[WhiteElo "2401"]
[LiveChessVersion "1.4.8"]

1. d4 {[%clk 1:30:54]} Nf6 {[%clk 1:24:16]} 2. c4 {[%clk 1:31:17]} e6
{[%clk 1:24:45]} 3. Nc3 {[%clk 1:31:42]} Bb4 {[%clk 1:25:14]} 4. Qb3
{[%clk 1:32:06]} a5 {[%clk 1:24:01]} 5. a3 {[%clk 1:29:13]} Bxc3+
{[%clk 1:21:41]} 6. Qxc3 {[%clk 1:29:37]} a4 {[%clk 1:22:01]} 7. Bg5
{[%clk 1:26:24]} d6 {[%clk 1:21:04]} 8. e3 {[%clk 1:23:19]} b6 {[%clk 1:14:48]}
9. Bd3 {[%clk 1:22:56]} Bb7 {[%clk 1:15:11]} 10. f3 {[%clk 1:16:35]} Ra5
{[%clk 1:10:09]} 11. Bh4 {[%clk 1:15:36]} Nbd7 {[%clk 0:55:11]} 12. Ne2
{[%clk 1:14:10]} O-O {[%clk 0:42:38]} 13. Qc2 {[%clk 1:11:01]} Qa8
{[%clk 0:36:50]} 1/2-1/2

[Event "European Individual Chess Championship 2017"]
[Site "?"]
[Date "2017.06.07"]
[Round "8.79"]
[White "Svane, Rasmus"]
[Black "Mazur, Stefan"]
[Result "1-0"]
[BlackElo "2459"]
[WhiteElo "2573"]
[LiveChessVersion "1.4.8"]

1. Nf3 {[%clk 1:30:57]} Nf6 {[%clk 1:27:42]} 2. g3 {[%clk 1:31:06]} b6
{[%clk 1:21:27]} 3. Bg2 {[%clk 1:31:27]} Bb7 {[%clk 1:21:55]} 4. O-O
{[%clk 1:30:42]} c5 {[%clk 1:22:13]} 5. c4 {[%clk 1:27:55]} g6 {[%clk 1:19:48]}
6. d4 {[%clk 1:25:32]} cxd4 {[%clk 1:19:13]} 7. Qxd4 {[%clk 1:26:00]} Bg7
{[%clk 1:19:30]} 8. Nc3 {[%clk 1:26:25]} d6 {[%clk 1:15:34]} 9. Rd1
{[%clk 1:25:58]} Nbd7 {[%clk 1:15:41]} 10. Be3 {[%clk 1:26:14]} Rc8
{[%clk 1:13:53]} 11. Rac1 {[%clk 1:26:10]} O-O {[%clk 1:11:05]} 12. Qh4
{[%clk 1:26:24]} a6 {[%clk 1:11:08]} 13. b3 {[%clk 1:25:24]} Rc7 {[%clk 1:06:54]}
14. Bh3 {[%clk 1:18:42]} Qa8 {[%clk 1:02:33]} 15. Bxd7 {[%clk 1:10:30]} Nxd7
{[%clk 0:39:15]} 16. Qxe7 {[%clk 1:02:06]} Bxf3 {[%clk 0:19:41]} 17. exf3
{[%clk 1:01:47]} Re8 {[%clk 0:20:08]} 18. Qxd6 {[%clk 1:00:18]} Ne5
{[%clk 0:20:30]} 19. Qxc7 {[%clk 0:47:25]} Nxf3+ {[%clk 0:20:44]} 20. Kh1
{[%clk 0:43:44]} Bxc3 {[%clk 0:17:55]} 21. Rd5 {[%clk 0:43:31]} Be5
{[%clk 0:13:42]} 22. Qd7 {[%clk 0:38:49]} Bf6 {[%clk 0:14:10]} 23. Rcd1
{[%clk 0:34:05]} b5 {[%clk 0:13:39]} 24. c5 {[%clk 0:25:39]} Re6 {[%clk 0:04:42]}
25. Qc7 {[%clk 0:16:14]} Nd4 {[%clk 0:01:59]} 26. R1xd4 {[%clk 0:15:41]} Bxd4
{[%clk 0:02:22]} 27. Qd8+ {[%clk 0:16:02]} 1-0

[Event "European Individual Chess Championship 2017"]
[Site "?"]
[Date "2017.06.07"]
[Round "8.80"]
[White "Meribanov, Vitaly"]
[Black "Wagner, Dennis"]
[Result "0-1"]
[BlackElo "2571"]
[WhiteElo "2385"]
[LiveChessVersion "1.4.8"]

1. e4 {[%clk 1:30:56]} e5 {[%clk 1:30:54]} 2. Nf3 {[%clk 1:31:11]} Nc6
{[%clk 1:31:18]} 3. Bb5 {[%clk 1:31:34]} a6 {[%clk 1:31:41]} 4. Ba4
{[%clk 1:32:02]} Nf6 {[%clk 1:32:03]} 5. O-O {[%clk 1:32:24]} Be7
{[%clk 1:32:27]} 6. d3 {[%clk 1:32:48]} b5 {[%clk 1:30:40]} 7. Bb3
{[%clk 1:33:15]} d6 {[%clk 1:31:05]} 8. a3 {[%clk 1:33:36]} Na5 {[%clk 1:31:18]}
9. Ba2 {[%clk 1:33:53]} c5 {[%clk 1:31:42]} 10. Nc3 {[%clk 1:33:08]} Be6
{[%clk 1:31:58]} 11. Bg5 {[%clk 1:29:06]} O-O {[%clk 1:21:11]} 12. b4
{[%clk 1:27:12]} cxb4 {[%clk 1:16:29]} 13. axb4 {[%clk 1:27:08]} Nc6
{[%clk 1:16:54]} 14. Bxf6 {[%clk 1:26:58]} Bxf6 {[%clk 1:17:17]} 15. Nd5
{[%clk 1:27:17]} g6 {[%clk 1:15:58]} 16. Nxf6+ {[%clk 1:20:26]} Qxf6
{[%clk 1:16:21]} 17. Bxe6 {[%clk 1:20:23]} Qxe6 {[%clk 1:15:55]} 18. c3
{[%clk 1:19:37]} Rfe8 {[%clk 1:01:51]} 19. Re1 {[%clk 1:17:03]} d5
{[%clk 0:58:46]} 20. Ng5 {[%clk 1:09:11]} Qe7 {[%clk 0:43:22]} 21. exd5
{[%clk 1:07:44]} Nxb4 {[%clk 0:43:39]} 22. Nf3 {[%clk 0:53:11]} Nxd5
{[%clk 0:43:32]} 23. Rxe5 {[%clk 0:52:28]} Qd6 {[%clk 0:40:23]} 24. Rxe8+
{[%clk 0:52:33]} Rxe8 {[%clk 0:40:51]} 25. Qb3 {[%clk 0:43:05]} Nf4
{[%clk 0:38:51]} 26. d4 {[%clk 0:35:05]} Qc6 {[%clk 0:37:37]} 27. h4
{[%clk 0:20:58]} Re2 {[%clk 0:18:23]} 28. Ra2 {[%clk 0:17:41]} Re6
{[%clk 0:14:51]} 29. Rc2 {[%clk 0:05:23]} Qe4 {[%clk 0:13:34]} 30. c4
{[%clk 0:04:47]} Ne2+ {[%clk 0:07:12]} 31. Rxe2 {[%clk 0:05:02]} Qxe2
{[%clk 0:07:40]} 32. c5 {[%clk 0:05:16]} Qc4 {[%clk 0:06:22]} 33. Qd1
{[%clk 0:04:45]} Qe2 {[%clk 0:02:52]} 34. Qc1 {[%clk 0:04:13]} Qe4
{[%clk 0:02:47]} 35. Qh6 {[%clk 0:03:53]} f6 {[%clk 0:01:51]} 36. Qd2
{[%clk 0:03:19]} Qd5 {[%clk 0:02:20]} 37. Qa5 {[%clk 0:03:06]} Qd7
{[%clk 0:02:45]} 38. Qa2 {[%clk 0:03:02]} Kg7 {[%clk 0:02:07]} 39. d5
{[%clk 0:03:20]} Re4 {[%clk 0:02:35]} 40. c6 {[%clk 0:30:51]} Qd6
{[%clk 0:32:50]} 41. Qxa6 {[%clk 0:27:27]} Ra4 {[%clk 0:24:19]} 42. Qb7+
{[%clk 0:26:58]} Kh6 {[%clk 0:24:40]} 43. Nh2 {[%clk 0:08:21]} Ra1+
{[%clk 0:25:01]} 44. Nf1 {[%clk 0:08:49]} Qxd5 {[%clk 0:25:03]} 45. Qe7
{[%clk 0:04:18]} Qc4 {[%clk 0:08:33]} 46. Qe3+ {[%clk 0:01:35]} g5
{[%clk 0:08:54]} 47. hxg5+ {[%clk 0:01:56]} Kg6 {[%clk 0:05:13]} 48. Qe8+
{[%clk 0:02:25]} Kxg5 {[%clk 0:05:25]} 49. Qe3+ {[%clk 0:02:52]} Kf5
{[%clk 0:05:17]} 50. Qh3+ {[%clk 0:02:40]} Ke5 {[%clk 0:04:59]} 51. Qg3+
{[%clk 0:01:47]} Kd5 {[%clk 0:03:15]} 52. Qf3+ {[%clk 0:01:53]} Kc5
{[%clk 0:01:55]} 53. Kh2 {[%clk 0:00:32]} Rxf1 {[%clk 0:01:54]} 54. c7
{[%clk 0:00:58]} Kb6 {[%clk 0:01:23]} 55. Qxf6+ {[%clk 0:00:35]} Kxc7
{[%clk 0:01:46]} 56. Qe7+ {[%clk 0:00:48]} Kb6 {[%clk 0:01:58]} 57. Qd6+
{[%clk 0:01:03]} Kb7 {[%clk 0:02:19]} 0-1

[Event "European Individual Chess Championship 2017"]
[Site "?"]
[Date "2017.06.07"]
[Round "8.81"]
[White "Lavrov, Maxim"]
[Black "Santos Latasa, Jaime"]
[Result "1/2-1/2"]
[BlackElo "2567"]
[WhiteElo "2369"]
[LiveChessVersion "1.4.8"]

1. e4 {[%clk 1:30:56]} e6 {[%clk 1:30:43]} 2. d4 {[%clk 1:31:09]} d5
{[%clk 1:31:09]} 3. e5 {[%clk 1:31:29]} Bd7 {[%clk 1:31:34]} 4. Nf3
{[%clk 1:31:23]} a6 {[%clk 1:31:58]} 5. c4 {[%clk 1:25:41]} dxc4 {[%clk 1:31:57]}
6. Bxc4 {[%clk 1:25:51]} Bb5 {[%clk 1:32:22]} 7. Bb3 {[%clk 1:22:18]} Bb4+
{[%clk 1:32:14]} 8. Nc3 {[%clk 1:21:49]} Ne7 {[%clk 1:32:38]} 9. a4
{[%clk 1:15:09]} Bc6 {[%clk 1:32:16]} 10. O-O {[%clk 1:15:05]} h6
{[%clk 1:29:48]} 11. Be3 {[%clk 1:07:59]} Nd7 {[%clk 1:21:41]} 12. d5
{[%clk 0:55:23]} exd5 {[%clk 1:21:55]} 13. Nxd5 {[%clk 0:55:10]} Nxd5
{[%clk 1:22:13]} 14. Bxd5 {[%clk 0:55:26]} Nxe5 {[%clk 1:22:35]} 15. Nxe5
{[%clk 0:55:08]} Qxd5 {[%clk 1:22:48]} 16. Nxc6 {[%clk 0:55:20]} Qxd1
{[%clk 1:23:05]} 17. Rfxd1 {[%clk 0:55:33]} bxc6 {[%clk 1:23:30]} 18. Rac1
{[%clk 0:55:37]} Rd8 {[%clk 1:23:49]} 19. Rxd8+ {[%clk 0:53:07]} Kxd8
{[%clk 1:23:35]} 20. Rxc6 {[%clk 0:53:33]} a5 {[%clk 1:23:59]} 21. Kf1
{[%clk 0:40:32]} Kd7 {[%clk 1:24:02]} 22. Ra6 {[%clk 0:40:22]} Rb8
{[%clk 1:21:50]} 23. Ke2 {[%clk 0:38:46]} Bd6 {[%clk 1:20:35]} 24. Rxa5
{[%clk 0:37:07]} Rxb2+ {[%clk 1:20:55]} 25. Kf3 {[%clk 0:37:00]} Ra2
{[%clk 1:20:22]} 26. h4 {[%clk 0:33:38]} Ke6 {[%clk 1:17:41]} 27. g4
{[%clk 0:29:58]} c5 {[%clk 1:16:19]} 28. Ke4 {[%clk 0:26:58]} Rb2
{[%clk 1:16:36]} 29. Rb5 {[%clk 0:24:07]} Ra2 {[%clk 1:16:56]} 30. Ra5
{[%clk 0:23:57]} Rb2 {[%clk 1:17:18]} 31. Rb5 {[%clk 0:24:05]} Ra2 1/2-1/2

[Event "European Individual Chess Championship 2017"]
[Site "?"]
[Date "2017.06.07"]
[Round "8.82"]
[White "Zhigalko, Andrey"]
[Black "Balashov, Yuri S"]
[Result "1-0"]
[BlackElo "2408"]
[WhiteElo "2566"]
[LiveChessVersion "1.4.8"]

1. e4 {[%clk 1:30:57]} e5 {[%clk 1:30:49]} 2. Nf3 {[%clk 1:31:23]} Nc6
{[%clk 1:31:11]} 3. Bb5 {[%clk 1:31:49]} a6 {[%clk 1:31:30]} 4. Ba4
{[%clk 1:32:16]} Nf6 {[%clk 1:31:49]} 5. O-O {[%clk 1:32:40]} Be7
{[%clk 1:32:11]} 6. Re1 {[%clk 1:33:06]} b5 {[%clk 1:32:33]} 7. Bb3
{[%clk 1:33:31]} O-O {[%clk 1:32:40]} 8. c3 {[%clk 1:33:56]} d6 {[%clk 1:33:02]}
9. h3 {[%clk 1:34:21]} Bb7 {[%clk 1:33:19]} 10. d4 {[%clk 1:34:35]} Re8
{[%clk 1:33:20]} 11. Nbd2 {[%clk 1:34:04]} Bf8 {[%clk 1:33:39]} 12. a4
{[%clk 1:33:19]} h6 {[%clk 1:33:55]} 13. d5 {[%clk 1:33:22]} Ne7 {[%clk 1:29:19]}
14. Nh2 {[%clk 1:21:31]} c5 {[%clk 1:13:58]} 15. dxc6 {[%clk 1:17:11]} Bxc6
{[%clk 1:12:37]} 16. Ng4 {[%clk 1:16:51]} Ng6 {[%clk 1:10:47]} 17. Nf1
{[%clk 0:59:47]} Nf4 {[%clk 1:01:01]} 18. axb5 {[%clk 0:47:28]} axb5
{[%clk 0:59:18]} 19. Rxa8 {[%clk 0:47:54]} Bxa8 {[%clk 0:59:41]} 20. Qf3
{[%clk 0:37:56]} h5 {[%clk 0:46:36]} 21. Nxf6+ {[%clk 0:36:34]} Qxf6
{[%clk 0:47:00]} 22. Nh2 {[%clk 0:23:12]} Bc6 {[%clk 0:23:20]} 23. h4
{[%clk 0:22:53]} Be7 {[%clk 0:14:48]} 24. g3 {[%clk 0:13:10]} Qg6
{[%clk 0:14:15]} 25. Bxf4 {[%clk 0:12:14]} exf4 {[%clk 0:14:39]} 26. Qxf4
{[%clk 0:12:37]} Qf6 {[%clk 0:14:22]} 27. Qd2 {[%clk 0:08:24]} Bd8
{[%clk 0:14:14]} 28. Bd5 {[%clk 0:05:59]} Bxd5 {[%clk 0:14:14]} 29. Qxd5
{[%clk 0:05:48]} Re5 {[%clk 0:10:16]} 30. Qa8 {[%clk 0:05:06]} g5
{[%clk 0:09:58]} 31. hxg5 {[%clk 0:03:36]} Rxg5 {[%clk 0:09:49]} 32. Nf3
{[%clk 0:03:53]} Rg4 {[%clk 0:09:43]} 33. e5 {[%clk 0:03:35]} dxe5
{[%clk 0:09:17]} 34. Rxe5 {[%clk 0:02:44]} Kg7 {[%clk 0:09:24]} 35. Rxh5
{[%clk 0:02:32]} b4 {[%clk 0:08:35]} 36. Kg2 {[%clk 0:02:13]} bxc3
{[%clk 0:08:27]} 37. bxc3 {[%clk 0:02:42]} Rc4 {[%clk 0:07:48]} 38. Qd5
{[%clk 0:02:14]} Rxc3 {[%clk 0:07:04]} 39. Rg5+ {[%clk 0:02:21]} Kf8
{[%clk 0:05:29]} 40. Rf5 {[%clk 0:32:15]} 1-0

[Event "European Individual Chess Championship 2017"]
[Site "?"]
[Date "2017.06.07"]
[Round "8.83"]
[White "Tutisani, Noe"]
[Black "Michalik, Peter"]
[Result "0-1"]
[BlackElo "2558"]
[WhiteElo "2347"]
[LiveChessVersion "1.4.8"]

1. e4 {[%clk 1:30:55]} e5 {[%clk 1:30:46]} 2. Nf3 {[%clk 1:31:10]} Nc6
{[%clk 1:31:09]} 3. Bb5 {[%clk 1:31:25]} a6 {[%clk 1:31:23]} 4. Ba4
{[%clk 1:31:44]} Nf6 {[%clk 1:31:45]} 5. O-O {[%clk 1:32:02]} Be7
{[%clk 1:32:06]} 6. Re1 {[%clk 1:32:25]} b5 {[%clk 1:32:29]} 7. Bb3
{[%clk 1:32:48]} d6 {[%clk 1:32:20]} 8. c3 {[%clk 1:33:12]} O-O {[%clk 1:32:42]}
9. h3 {[%clk 1:33:40]} Nb8 {[%clk 1:32:46]} 10. d4 {[%clk 1:33:12]} Nbd7
{[%clk 1:33:07]} 11. c4 {[%clk 1:29:53]} c6 {[%clk 1:18:42]} 12. Nc3
{[%clk 1:25:39]} Qc7 {[%clk 1:13:37]} 13. a3 {[%clk 1:25:01]} Nb6
{[%clk 1:08:10]} 14. c5 {[%clk 1:19:02]} dxc5 {[%clk 1:05:27]} 15. dxe5
{[%clk 1:19:26]} Ne8 {[%clk 1:04:27]} 16. Bf4 {[%clk 1:19:45]} Be6
{[%clk 1:04:04]} 17. Bc2 {[%clk 1:17:26]} g6 {[%clk 1:01:16]} 18. Qc1
{[%clk 1:16:20]} Ng7 {[%clk 0:59:53]} 19. Bh2 {[%clk 1:14:02]} Rfd8
{[%clk 0:54:16]} 20. Nd1 {[%clk 1:12:47]} Nc4 {[%clk 0:49:55]} 21. b3
{[%clk 1:03:22]} Na5 {[%clk 0:49:30]} 22. Ne3 {[%clk 1:03:48]} Qd7
{[%clk 0:41:16]} 23. Rb1 {[%clk 0:59:48]} c4 {[%clk 0:37:04]} 24. b4
{[%clk 0:58:53]} Nb3 {[%clk 0:34:23]} 25. Bxb3 {[%clk 0:57:48]} cxb3
{[%clk 0:34:49]} 26. Ng4 {[%clk 0:58:03]} Bxg4 {[%clk 0:34:24]} 27. hxg4
{[%clk 0:58:29]} Ne6 {[%clk 0:33:22]} 28. Rxb3 {[%clk 0:52:00]} c5
{[%clk 0:33:33]} 29. Bg3 {[%clk 0:51:25]} a5 {[%clk 0:30:34]} 30. bxa5
{[%clk 0:50:14]} c4 {[%clk 0:29:37]} 31. Rc3 {[%clk 0:50:05]} Rxa5
{[%clk 0:27:33]} 32. Bh4 {[%clk 0:48:48]} Bxh4 {[%clk 0:26:11]} 33. Nxh4
{[%clk 0:49:11]} Qd2 {[%clk 0:26:37]} 34. Qa1 {[%clk 0:48:57]} Rd3
{[%clk 0:23:33]} 35. Rxd3 {[%clk 0:48:54]} Qxd3 {[%clk 0:23:56]} 36. Re3
{[%clk 0:48:52]} Qd4 {[%clk 0:20:09]} 37. Qe1 {[%clk 0:47:44]} Ra8
{[%clk 0:20:08]} 38. Qb4 {[%clk 0:44:29]} Qa1+ {[%clk 0:12:13]} 39. Kh2
{[%clk 0:43:54]} Qxe5+ {[%clk 0:12:36]} 40. g3 {[%clk 1:14:21]} Qc5
{[%clk 0:41:03]} 41. Qc3 {[%clk 1:14:20]} Rd8 {[%clk 0:41:06]} 42. Nf3
{[%clk 1:14:05]} Rd1 {[%clk 0:39:17]} 43. Kg2 {[%clk 1:12:22]} Nd8
{[%clk 0:27:21]} 44. g5 {[%clk 1:10:40]} Nc6 {[%clk 0:25:04]} 45. Qf6
{[%clk 1:06:46]} Rd6 {[%clk 0:23:28]} 46. Qc3 {[%clk 1:05:52]} Nd4
{[%clk 0:22:27]} 47. e5 {[%clk 0:56:54]} Rd5 {[%clk 0:21:18]} 48. Nd2
{[%clk 0:56:07]} Nf5 {[%clk 0:20:43]} 49. Re2 {[%clk 0:50:44]} Rd3
{[%clk 0:19:53]} 50. Qa5 {[%clk 0:50:59]} Rxa3 {[%clk 0:16:32]} 51. Qd8+
{[%clk 0:46:50]} Qf8 {[%clk 0:16:58]} 52. Qd7 {[%clk 0:47:11]} Qa8+
{[%clk 0:15:49]} 53. Ne4 {[%clk 0:46:23]} Ne3+ {[%clk 0:09:04]} 54. Kh2
{[%clk 0:43:28]} Rd3 {[%clk 0:04:37]} 55. Nf6+ {[%clk 0:43:19]} Kf8
{[%clk 0:05:04]} 56. Nxh7+ {[%clk 0:43:13]} Kg7 {[%clk 0:04:57]} 57. Qh3
{[%clk 0:43:37]} Nf5 {[%clk 0:03:27]} 58. Nf6 {[%clk 0:43:12]} Qh8
{[%clk 0:02:50]} 59. Qxh8+ {[%clk 0:43:38]} Kxh8 {[%clk 0:03:19]} 60. Ra2
{[%clk 0:43:53]} Rd8 {[%clk 0:01:56]} 61. Ra7 {[%clk 0:43:43]} Kg7
{[%clk 0:00:48]} 62. e6 {[%clk 0:43:59]} Nd6 {[%clk 0:01:14]} 63. e7
{[%clk 0:44:22]} Rh8+ {[%clk 0:01:43]} 64. Kg2 {[%clk 0:44:44]} c3
{[%clk 0:01:54]} 65. Rc7 {[%clk 0:44:06]} Nc4 {[%clk 0:01:26]} 66. e8=Q
{[%clk 0:33:24]} Rxe8 {[%clk 0:01:53]} 67. Nxe8+ {[%clk 0:33:46]} Kf8
{[%clk 0:02:22]} 68. Nf6 {[%clk 0:34:09]} c2 {[%clk 0:02:30]} 69. Rd7
{[%clk 0:34:36]} c1=Q {[%clk 0:01:55]} 70. Rd8+ {[%clk 0:35:05]} Ke7
{[%clk 0:02:16]} 0-1

[Event "European Individual Chess Championship 2017"]
[Site "?"]
[Date "2017.06.07"]
[Round "8.84"]
[White "Sturua, Zurab"]
[Black "Galliamova, Alisa"]
[Result "1/2-1/2"]
[BlackElo "2456"]
[WhiteElo "2555"]
[LiveChessVersion "1.4.8"]

1. c4 {[%clk 1:30:55]} c5 {[%clk 1:29:53]} 2. Nf3 {[%clk 1:30:56]} Nf6
{[%clk 1:29:32]} 3. Nc3 {[%clk 1:30:29]} e6 {[%clk 1:26:35]} 4. g3
{[%clk 1:29:43]} b6 {[%clk 1:22:30]} 5. Bg2 {[%clk 1:26:38]} Bb7 {[%clk 1:22:48]}
6. O-O {[%clk 1:26:29]} Be7 {[%clk 1:22:00]} 7. Re1 {[%clk 1:25:30]} d5
{[%clk 1:20:14]} 8. cxd5 {[%clk 1:24:48]} Nxd5 {[%clk 1:19:59]} 9. d4
{[%clk 1:22:45]} Nxc3 {[%clk 1:04:46]} 10. bxc3 {[%clk 1:23:08]} O-O
{[%clk 1:04:32]} 11. e4 {[%clk 1:22:14]} cxd4 {[%clk 1:01:16]} 12. cxd4
{[%clk 1:22:05]} Nc6 {[%clk 1:01:01]} 13. Bb2 {[%clk 1:21:48]} 1/2-1/2

[Event "European Individual Chess Championship 2017"]
[Site "?"]
[Date "2017.06.07"]
[Round "8.85"]
[White "Baron, Tal"]
[Black "Podolchenko, Evgeniy"]
[Result "0-1"]
[BlackElo "2398"]
[WhiteElo "2540"]
[LiveChessVersion "1.4.8"]

1. e4 {[%clk 1:28:16]} e6 {[%clk 1:30:54]} 2. d4 {[%clk 1:28:41]} d5
{[%clk 1:31:19]} 3. Nc3 {[%clk 1:29:10]} Bb4 {[%clk 1:31:40]} 4. e5
{[%clk 1:29:39]} c5 {[%clk 1:32:03]} 5. a3 {[%clk 1:30:07]} Bxc3+
{[%clk 1:32:22]} 6. bxc3 {[%clk 1:30:35]} Qa5 {[%clk 1:32:43]} 7. Bd2
{[%clk 1:31:03]} Qa4 {[%clk 1:33:05]} 8. Qg4 {[%clk 1:31:28]} Kf8
{[%clk 1:33:28]} 9. Nf3 {[%clk 1:31:52]} Nc6 {[%clk 1:33:51]} 10. Be2
{[%clk 1:27:12]} Qxc2 {[%clk 1:34:14]} 11. dxc5 {[%clk 1:25:37]} Nge7
{[%clk 1:34:38]} 12. Qf4 {[%clk 1:25:06]} Ng6 {[%clk 1:35:02]} 13. Qe3
{[%clk 1:25:22]} Qe4 {[%clk 1:35:29]} 14. Qxe4 {[%clk 1:25:05]} dxe4
{[%clk 1:35:50]} 15. Ng5 {[%clk 1:25:28]} Ncxe5 {[%clk 1:36:16]} 16. Nxe4
{[%clk 1:25:44]} Bd7 {[%clk 1:36:42]} 17. O-O {[%clk 1:25:49]} Bc6
{[%clk 1:37:08]} 18. Nd6 {[%clk 1:26:02]} Nd7 {[%clk 1:37:32]} 19. Be3
{[%clk 1:23:41]} b6 {[%clk 1:34:58]} 20. cxb6 {[%clk 1:22:06]} axb6
{[%clk 1:35:25]} 21. Nc4 {[%clk 1:17:58]} Ke7 {[%clk 1:29:16]} 22. Rfb1
{[%clk 1:13:22]} b5 {[%clk 1:27:58]} 23. Nd2 {[%clk 1:12:23]} Rhb8
{[%clk 1:27:19]} 24. h4 {[%clk 1:05:48]} f6 {[%clk 1:20:18]} 25. Rb4
{[%clk 0:58:59]} Ra4 {[%clk 1:10:22]} 26. g3 {[%clk 0:58:05]} Rba8
{[%clk 0:59:46]} 27. Rxa4 {[%clk 0:58:29]} Rxa4 {[%clk 0:59:42]} 28. Bd1
{[%clk 0:58:34]} Ra8 {[%clk 0:59:46]} 29. h5 {[%clk 0:55:20]} Nge5
{[%clk 0:57:57]} 30. Be2 {[%clk 0:53:27]} g5 {[%clk 0:48:28]} 31. hxg6
{[%clk 0:52:23]} hxg6 {[%clk 0:48:40]} 32. f4 {[%clk 0:52:48]} Rh8
{[%clk 0:47:21]} 33. Kf1 {[%clk 0:51:29]} Nf7 {[%clk 0:45:41]} 34. Nf3
{[%clk 0:40:08]} Rh1+ {[%clk 0:40:30]} 35. Bg1 {[%clk 0:40:12]} Nd6
{[%clk 0:38:43]} 36. Re1 {[%clk 0:31:41]} Bd5 {[%clk 0:32:26]} 37. g4
{[%clk 0:20:52]} Rh3 {[%clk 0:23:53]} 38. Kg2 {[%clk 0:20:01]} Rh8
{[%clk 0:24:10]} 39. Bd3 {[%clk 0:19:32]} Ra8 {[%clk 0:23:52]} 40. Ra1
{[%clk 0:48:19]} Ra4 {[%clk 0:52:42]} 41. Kg3 {[%clk 0:47:09]} Ne4+
{[%clk 0:49:17]} 42. Bxe4 {[%clk 0:47:08]} Rxe4 {[%clk 0:49:44]} 43. Bd4
{[%clk 0:41:26]} e5 {[%clk 0:48:16]} 44. fxe5 {[%clk 0:41:51]} fxe5
{[%clk 0:48:35]} 45. Ba7 {[%clk 0:36:20]} Nf6 {[%clk 0:47:48]} 46. Bc5+
{[%clk 0:34:08]} Kd7 {[%clk 0:47:30]} 47. Rf1 {[%clk 0:24:58]} Rxg4+
{[%clk 0:39:35]} 48. Kh3 {[%clk 0:25:24]} Bxf3 {[%clk 0:39:58]} 49. Rxf3
{[%clk 0:25:52]} Rf4 {[%clk 0:40:19]} 50. Rd3+ {[%clk 0:24:34]} Ke6
{[%clk 0:40:11]} 51. Rd6+ {[%clk 0:23:13]} Kf5 {[%clk 0:40:34]} 52. Rb6
{[%clk 0:23:27]} Rf3+ {[%clk 0:40:03]} 53. Kg2 {[%clk 0:23:56]} Rxc3
{[%clk 0:40:21]} 54. Rxb5 {[%clk 0:24:17]} Rc2+ {[%clk 0:40:42]} 55. Kf3
{[%clk 0:15:05]} e4+ {[%clk 0:28:34]} 56. Ke3 {[%clk 0:15:29]} Nd5+
{[%clk 0:28:52]} 57. Kd4 {[%clk 0:15:53]} Nc7 {[%clk 0:29:12]} 0-1